|
|
|
|
| LEADER |
00000nam a2200000 a 4500 |
| 001 |
vtls001275435 |
| 003 |
SK-MaSNL |
| 005 |
20260301234714.0 |
| 008 |
240313s1987 xr 0 cze |
| 035 |
|
|
|a SNK000226645
|
| 040 |
|
|
|a SNK
|b slo
|c SNK
|e AACR2
|
| 044 |
|
|
|a xr
|c CZ
|
| 100 |
1 |
|
|a Betlach, Pavel
|4 aut
|9 286390
|
| 245 |
1 |
|
|a Křížovky pro mládež - Čeští spisovatelé 19. století
|c Pavel Betlach
|
| 260 |
|
|
|a Praha
|b Panorama
|c 1987
|
| 300 |
|
|
|a 1 list zlož. v [16] s.
|c 8°
|
| 958 |
|
|
|a OND
|
| 999 |
|
|
|c 971449
|d 973379
|
| 952 |
|
|
|t P60, <04>, [BOOK], {604}
|a SNK
|b SNK
|y VYP
|7 0
|o snkOIC 4288 D1
|i snkKIP 3760/88
|0 0
|1 0
|4 0
|d 1997-02-11
|l 0
|r 2005-01-02 00:00:00
|w 2026-02-24
|
| 952 |
|
|
|t P60, <04>, [BOOK], {604}
|a SNK
|b SNK
|y VYP
|7 0
|o snkOIC 4288
|i snkKIP 3759/88
|0 0
|1 0
|4 0
|d 1997-02-11
|l 0
|r 2005-01-02 00:00:00
|w 2026-02-24
|